| 000 | 00491nam a22001697a 4500 | ||
|---|---|---|---|
| 005 | 20230118110954.0 | ||
| 008 | 220208b ||||| |||| 00| 0 eng d | ||
| 020 | _a978-93-89261-76-9 | ||
| 041 | _aeng | ||
| 082 | _a615.19 | ||
| 100 |
_aSIDDIQUI, ANEES AHMAD _96738 |
||
| 245 | _aLABORATORY MANUAL SELECTED EXPERIMENTS OF PHARMACEUTICAL ANALYSIS | ||
| 260 |
_aNEW DELHI _bCBS PUBLISHERS AND DISTRIBUTORS |
||
| 300 | _a252,;p | ||
| 650 |
_aPHARMACY _xB.PHARMA & D.PHARMA _97472 |
||
| 942 | _cBK | ||
| 999 |
_c7862 _d7860 |
||